When legends come alive
| Titel: | When legends come alive : a reading of Lucan's Pharsalia / Joan Pypłacz |
|---|---|
| Verfasser: | |
| Veröffentlicht: | Kraków : Ksiȩgarnia, 2015 |
| Umfang: | 258 Seiten |
| Format: | Buch |
| Sprache: | Englisch |
| Schriftenreihe/ mehrbändiges Werk: |
Biblioteca Iagellonica Fontes et Studia ; T. 28 |
| RVK-Notation: | |
| ISBN: | 9788376385563 |
| Hinweise zum Inhalt: |
Inhaltsverzeichnis
|
| Lokale Klassifikation: | 57 Römische Antike |
|---|
alg: 37844954 001A $03004:20-04-16 001B $06055:13-03-26 $t19:03:10.000 001C $03004:20-04-16 $t11:26:14.000 001D $03004:20-04-16 001U $0utf8 001X $00 002@ $0Aau 002C $aText $btxt $2rdacontent 002D $aohne Hilfsmittel zu benutzen $bn $2rdamedia 002E $aBand $bnc $2rdacarrier 003@ $0378449540 003O $0934690298 $aOCoLC 004A $A978-83-7638-556-3 007A $0378449540 $aHEB 007G $0DE02087CF8A2C350D9B5FC1257FA0003CF322 009P $qapplication/pdf $A2 $3Inhaltsverzeichnis $uhttp://scans.hebis.de/HEBCGI/show.pl?37844954_toc.pdf $mV:DE-603;B:DE-Mb50 010@ $aeng 010E $erda 011@ $a2015 013D $RBericht $RBibliografie $#Literaturanalyse $#Literaturbericht $#Publikationen Formschlagwort $#Forschungsbericht Literaturbericht $#Fortschrittsbericht Literaturbericht $74167870-9 $8Literaturbericht [Ts1] $9085760056 021A $aWhen legends come alive $da reading of Lucan's Pharsalia $hJoan Pypłacz 028A $BVerfasser $4aut $7 $8Pypłacz, Joanna [Tnd] $926699301X 033A $pKraków $nKsiȩgarnia 034D $a258 Seiten 036E $aBiblioteca Iagellonica Fontes et Studia $lT. 28 044K $#Der @Bürgerkrieg $#Pharsalus-Epos $#Pharsalia $#Bellum civile $#The @battle of Pharsalia $#Die @Schlacht bei Pharsalus $#Civil war $#Belli civilis $#La @guerre civile $#Farsaglia $#La @guerra civile o Farsaglia $#Farsalija, ili, poėma o graždanskoj vojne $#Pharsalia o La guerra civile $#Lucanus, Marcus Annaeus $#086915738 $D20251120 $Ecgmnf $74119926-1 $8Lucanus, Marcus Annaeus$Z39-65 [Tp1]$aDe bello civili [Tu1] $9085380628 044K $RTextualität $RTranstextualität $RIntermedialität $RInterpikturalität $#Intertextuality $#Intertextualité $#Intertextualidad $D20251120 $Ecgmnf $74114051-5 $8Intertextualität [Ts1] $9085339695 045Z $D20251120 $Ecgmnf $8FX 213505 [Tkv] $9408112301 lok: 37844954 24 101B $021-04-16 $t13:13:45.000 101C $021-04-16 101U $0utf8 145Z/01 $a57 Römische Antike exp: 37844954 24 1 #EPN 201B/01 $021-04-16 $t13:13:45.000 201C/01 $020-04-16 201U/01 $0utf8 203@/01 $077166768X 208@/01 $a21-04-16 $bz 209A/01 $a16.02172 $du $f050 $h16 02172 $x00 209C/01 $a16.02172 T $h16 02172 T 209G/01 $a73897343 $x00 220C/01 $ahae 247C/01 $8358050-7Marburg, Bibliothek des Herder-Instituts Marburg $9102600961
| LEADER | 00000cam a2200000 c 4500 | ||
|---|---|---|---|
| 001 | 378449540 | ||
| 003 | DE-603 | ||
| 005 | 20260313190310.0 | ||
| 007 | tu | ||
| 008 | 160420s2015 xx |||| | u00||u|eng c | ||
| 020 | |a 9788376385563 | ||
| 035 | |a (DE-599)HEB378449540 | ||
| 035 | |a (OCoLC)934690298 | ||
| 040 | |a DE-603 |b ger |c DE-603 |d DE-603 |e rda | ||
| 041 | |a eng | ||
| 084 | |a FX 213505 |0 (DE-625)35271:11784 |0 (DE-603)408112301 |2 rvk | ||
| 100 | 1 | |a Pypłacz, Joanna |e Verfasser |4 aut |0 (DE-603)26699301X | |
| 245 | 0 | 0 | |a When legends come alive |b a reading of Lucan's Pharsalia |c Joan Pypłacz |
| 264 | 1 | |a Kraków |b Ksiȩgarnia |c 2015 | |
| 300 | |a 258 Seiten | ||
| 336 | |a Text |b txt |2 rdacontent | ||
| 337 | |a ohne Hilfsmittel zu benutzen |b n |2 rdamedia | ||
| 338 | |a Band |b nc |2 rdacarrier | ||
| 490 | 0 | |a Biblioteca Iagellonica Fontes et Studia |v T. 28 | |
| 600 | 1 | 7 | |a Lucanus, Marcus Annaeus |d 39-65 |t De bello civili |0 (DE-588)4119926-1 |0 (DE-603)085380628 |2 gnd |
| 650 | 7 | |a Intertextualität |0 (DE-588)4114051-5 |0 (DE-603)085339695 |2 gnd | |
| 655 | 7 | |a Literaturbericht |2 gnd-content |0 (DE-588)4167870-9 |0 (DE-603)085760056 | |
| 856 | 4 | 2 | |m V:DE-603;B:DE-Mb50 |q application/pdf |u http://scans.hebis.de/HEBCGI/show.pl?37844954_toc.pdf |3 Inhaltsverzeichnis |
| 924 | 0 | |9 Mb 50 |a (DE-603)77166768X |b DE-Mb50 |c HES |d c |g 16.02172 | |


